000 00845nam a22002655a 4500
005 20180319144303.0
008 180306s2009 ii a frb 001 0 eng d
020 _a9788123906140
020 _a8123906145
040 _aEG-ScBUE
_beng
_cEG-ScBUE
_dEG-ScBUE
082 0 4 _222
_a615.19
_bVYA
100 1 _aVyas, S. P.
245 1 0 _aPharmaceutical biotechnology /
_cS. P. Vyas, V. K. Dixit.
250 _aReprint ed.
260 _aNew Delhi :
_bCBS Publishers & Distributors,
_c2009.
300 _avii, 674 p. :
_bill. ;
_c24 cm.
500 _aReprinted of 1998 ed.
504 _aIncludes bibliographical references and index.
650 7 _2BUEsh
_939079
_aPharmaceutical biotechnology.
650 7 _2BUEsh
_aPharmaceutical industry.
_939599
651 _2BUEsh
653 _bGGEN
_bPPhrm
_cMarch2018
700 1 _aDixit, V. K.
942 _2ddc
999 _c26254
_d26226